Revista teológica limense (Registro nro. 11854)

Detalles MARC
000 -Cabecera
Campo de control interno 00471nam a2200181Ia 4500
005 - Fecha y hora del registro
control field 20260306162858.0
008 - Elementos de Longitud Fija
fixed length control field 260306t2023||||xx |||||||||||||| ||spa||
041 ## - Idioma
Codigo Idioma ESP
082 ## - DEWEY y NOTACIÓN INTERNA
Dewey HR 200
Notación Interna V. 57 SET-DIC 2023 RTL
110 ## - AUTOR INSTTITUCIONAL
Autor Institucional Facultad de Teología Pontificia y Civil de Lima
245 #0 - TÍTULO DE MATERIAL BIBLIOGRÁFICO
Título Revista teológica limense
260 ## - CIUDAD, EDITORIAL, AÑO
Año 2023
300 ## - DESCRIPCIÓN
N° Páginas Páginas 284-413 :
Dimensiones 23 cm.
650 ## - TEMAS
Temas Generalidades
654 ## - PROGRAMAS
Programa Dpto. de Humanidades
942 ## - ELEMENTOS DE KOHA
Tipo de documento Revista
Nombre del creador Justo Noguera
Código de catalogador Justo Noguera
Esquema de clasificación Dewey Decimal Classification
Suppress in OPAC
Existencias
Codigo completo Registro Colección Copia número Disponibilidad Tipo de préstamo Biblioteca Actual Procedencia (Biblioteca) Ubicacón Fecha Ingreso Tipo de Adquisición Date last seen Total checkouts Price effective from Tipo de Item Estado del Material Fuente de Clasificación Damaged status Withdrawn status
HR 200 V. 57 SET-DIC 2023 RTL 1082404 Universidad Católica San Pablo 1 Disponible Disponible Víctor Andrés Belaunde Víctor Andrés Belaunde Planta baja abierta 03/06/2026 Donación 06/03/2026   06/03/2026 Revista Bueno Dewey Decimal Classification